| 000 | 00724nam a22001697a 4500 | ||
|---|---|---|---|
| 005 | 20260407114549.0 | ||
| 008 | 250220b |||||||| |||| 00| 0 eng d | ||
| 082 |
_22024 _aUT |
||
| 100 |
_aLazan, Mavel Faust C. _965627 |
||
| 245 |
_aLanguage acculturation and its effect on the tagakaulo tribe language: _bProblem identification and solution using participatory action research / _cMavel Faust C. Lazan, and Joanna Marie D. Trumpeta |
||
| 260 |
_aDigos City : _bUMDC, _c©May 2024. |
||
| 300 |
_aviii, 111 pages : _billustration (some colors) ; _c29 cm. |
||
| 500 | _aIncludes references and appendices. | ||
| 650 | 0 |
_aEducation _xUndergraduate thesis. _970440 |
|
| 700 |
_aTrumpeta, Joanna Marie D. _965628 |
||
| 942 |
_2ddc _cUT |
||
| 999 |
_c23545 _d23545 |
||